Statistics for Rainbow Connection Lyrics

Click here to take the quiz!

General Stats

  • This quiz has been taken 18 times
  • The average score is 28 of 37

Answer Stats

LyricsMissing Word% Correct
Why are there so many songs about ________rainbows
100%
And what's on the other ____?side
100%
Someday we'll find it, the _______ __________ | Someday we'll find it, the _______ __________.rainbow connection
94%
the ________, and me! | the ________, and me.dreamers
94%
The ______,lovers
94%
and what do we think we might ___? | wait and ___see
94%
and some choose to _______ it.believe
94%
So we've been ____told
94%
and rainbows have nothing to ____.hide
94%
Rainbows are _______,visions
94%
I know they're _____,wrong
88%
but only _________,illusions
88%
Look what it's done so ___.far
76%
would be heard and ________answered
76%
when wished on the _______ ____?morning star
76%
What's so _______amazing
71%
I've heard it too many times to ______ itignore
65%
Somebody thought of ____that
65%
that keeps us __________stargazing
59%
Have you been half ______asleep
59%
I've heard them calling __ ____my name
59%
and someone ________ it.believed
53%
All of us under its _____.spell
53%
and have you heard ______?voices
53%
Is this the sweet _____sound
53%
The voice might be one in the ____same
53%
We know that its probably _____.magic
47%
That called the young _______?sailors
47%
It's something that I'm ________ to besupposed
41%
Who said that ______wishes
35%

Score Distribution

Percentile by Number Answered

Percent of People with Each Score

Your Score History

You have not taken this quiz